| 000 | 00413nam a2200121Ia 4500 | ||
|---|---|---|---|
| 008 | 231129s9999||||xx |||||||||||||| ||spa|| | ||
| 020 | _a978-958-8777-06-1 | ||
| 082 | _aCo863 A173m | ||
| 100 | _aAcevedo Tarazona ílvaro | ||
| 245 | 0 | _aLa muerte de los héroes y otros relatos: Cuentos | |
| 264 | _aBucaramanga Colombia: Universidad Industrial de Santander | ||
| 942 |
_2ddc _cBKS |
||
| 999 |
_c17664 _d17664 |
||